Geografía de la república argentina(rampa) /

Guardado en:
Autor Principal: Rampa, Alfredo C.
Formato: Libro
Publicado: Buenos Aires : Kapelusz, 1977
Edición:7a. ed.
Etiquetas: Agregar Etiqueta
Sin Etiquetas, Sea el primero en etiquetar este registro!
LEADER 00747nam a22002055a 4500
001 CEM.cems008740
005 20060214000000.0
008 130507s1977##################000#0#####d
003 CEMS
082 0 4 |a 918.2 
100 1 |a Rampa, Alfredo C. 
245 1 0 |a Geografía de la república argentina(rampa) / 
250 |a 7a. ed. 
260 |a Buenos Aires :  |b Kapelusz,  |c 1977 
300 |a 275 p.1 
859 |a CEMS  |b BIB. CEMS - 11 de abril  |h 918.2  |i R147a7  |p 5306.76  |t Ej.1 
859 |a CEMS  |b BIB. CEMS - 11 de abril  |h 918.2  |i R147a7  |p 5910.77  |t Ej.2 
859 |a CEMS  |b BIB. CEMS - 11 de abril  |h 918.2  |i R147a7  |p 6064.77  |t Ej.3 
859 |a CEMS  |b BIB. CEMS - 11 de abril  |h 918.2  |i R147a7  |p 6065.77  |t Ej.4 
859 |a CEMS  |b BIB. CEMS - 11 de abril  |h 918.2  |i R147a7  |p 6555.78  |t Ej.5